000 00499nam a2200169 a 4500
005 20140412111420.0
008 070906s19uu xx 00 eng d
020 _a1-74089-327-1
050 _aREF 503.22
_bEn1h 2001
100 _aCreagh, Carson
245 _aEncyclopedia of Discovery: History /
_cCarson Creagh.
260 _aAustralia :
_bWeldon Owen Inc,
_c2001.
300 _a224p. : col. , ill. ; 22.5cm
500 _aIncludes index.
650 _aHistory
_xEncyclopedias
999 _c105978
_d105978